| 000 | 02015cam a22003734i 4500 | ||
|---|---|---|---|
| 003 | PE-LiUPU | ||
| 005 | 20251010105617.0 | ||
| 008 | 2205s2022 mx ||||| |||| 000 0 spa d | ||
| 020 |
_a9786071517630 _q(pasta blanda) |
||
| 035 | _aPE-LiUPU000019 | ||
| 040 |
_aPE-LiUPU _bspa _cPE-LiUPU _erda |
||
| 041 | 0 | _aspa | |
| 082 | 0 | 4 |
_a658 _bF831o _222 |
| 100 |
_aFranklin Fincowsky, Enrique Benjamín, _eautor. _97134 |
||
| 245 | 1 | 0 |
_aOrganización de empresas / _cpor Enrique Benjamín Franklin Fincowsky. |
| 250 | _a5a edición. | ||
| 264 | 1 |
_aCiudad de México : _bMcGraw-Hill Interamericana Editores, _c2022. |
|
| 300 |
_a381 páginas : _bilustraciones ; _c26 cm. |
||
| 336 |
_atexto _2rdacontent |
||
| 337 |
_asin mediación _2rdamedia |
||
| 338 |
_avolumen _2rdacarrier |
||
| 500 | _aIncluye casos prácticos, preguntas de repaso e indicadores por capítulo. | ||
| 505 | _aOrganización y estrategia -- Metodología para el desarrollo de estudios organizacionales -- Gestión documental -- Estructuras organizacionales -- Espacio de trabajo -- Manuales administrativos -- Procedimientos y procesos -- Reorganización Administrativa -- Asistencia técnica y servicio de consultoría. | ||
| 520 | _aObra orientada a estudiantes y profesionales en administración, cubre fundamentos estratégicos, estructura organizacional, espacio de trabajo, gestión documental, manuales administrativos y sistemas de calidad, incluyendo enfoque presencial y remoto, con apoyo en plataformas tecnológicas. | ||
| 650 | 1 | 4 |
_aAdministración de empresas. _91141 |
| 650 | 2 | 4 |
_aEstrategia organizacional. _97135 |
| 650 | 2 | 4 |
_aGestión documental. _97136 |
| 650 | 2 | 4 |
_aManuales administrativos. _97137 |
| 710 |
_aManuales administrativos. _eeditor. _97139 |
||
| 856 | 4 | 0 |
_uhttps://www.mheducation.com.mx _zSitio web de la editorial. |
| 942 |
_2ddc _cBK |
||
| 980 |
_621515 _aROMINA COBOS Adquisiciones _818226 _gJaime Vilcazán Jefe de Análisis Documental |
||
| 999 |
_c63104 _d63103 |
||